[Event "2. Bundesliga Ost 2012/2013"]
[Site "6.+7.10., 17.+18.11., 1.12., 2.+3.2., 9.+10.3., 6.
[Date "2012.11.17"]
[Round "3"]
[Board "1"]
[White "Kummer, Helmut"]
[Black "Srienz, Christian"]
[Result "1-0"]
[WhiteElo "2353"]
[BlackElo "2323"]
[PlyCount "67"]
[EventDate "2012.10.06"]
[EventType "team"]
[EventRounds "11"]
[EventCountry "AUT"]
[WhiteTeam "Purbach"]
[BlackTeam "tschaturanga"]

1. d4 Nf6 2. c4 c5 3. d5 b5 4. Nf3 g6 5. b3 Bg7 6. Bb2 bxc4 7. bxc4 O-O 8. g3
d6 9. Bg2 Nbd7 10. Nbd2 Rb8 11. Bc3 Nb6 12. O-O Ba6 13. Qc2 Nxc4 14. Nxc4 Bxc4
15. Bxf6 Bxf6 16. Qxc4 Bxa1 17. Rxa1 Rb4 18. Qc1 Qb6 19. a3 Rb5 20. Nd2 f5 21.
e3 Qa5 22. Qc2 Rfb8 23. Nc4 Qc7 24. e4 Qb7 25. Rf1 Rb1 26. exf5 Rxf1+ 27. Bxf1
Qb1 28. Qe2 Kf8 29. f6 Re8 30. Qe6 Qf5 31. fxe7+ Rxe7 32. Qxd6 Qc8 33. Ne5 Ke8
34. Bb5+ 1-0

[Event "2. Bundesliga Ost 2012/2013"]
[Site "6.+7.10., 17.+18.11., 1.12., 2.+3.2., 9.+10.3., 6.
[Date "2012.11.17"]
[Round "3"]
[Board "2"]
[White "Sadilek, Peter"]
[Black "Heiny, Johannes"]
[Result "1/2-1/2"]
[WhiteElo "2248"]
[BlackElo "2264"]
[PlyCount "66"]
[EventDate "2012.10.06"]
[EventType "team"]
[EventRounds "11"]
[EventCountry "AUT"]
[WhiteTeam "tschaturanga"]
[BlackTeam "Purbach"]

1. d4 Nf6 2. c4 c5 3. d5 e6 4. Nc3 exd5 5. cxd5 d6 6. Nf3 g6 7. Bf4 a6 8. Nd2
Nh5 9. Qa4+ Qd7 10. Qe4+ Kd8 11. Bg5+ Be7 12. Bxe7+ Qxe7 13. Nc4 b5 14. Nb6 Ra7
15. Nxc8 Kxc8 16. Qc2 Re8 17. g3 Nf6 18. Bg2 Nbd7 19. e3 Nb6 20. O-O-O b4 21.
Na4 Nxa4 22. Qxa4 Qd7 23. Qc2 Qb5 24. Bf1 Qa5 25. Bc4 Rae7 26. Kb1 Nd7 27. Rc1
Kb7 28. Rhd1 f5 29. Qb3 Nb6 30. h4 Qa4 31. Qd3 Re4 32. b3 Qa3 33. h5 Nxc4
1/2-1/2

[Event "2. Bundesliga Ost 2012/2013"]
[Site "6.+7.10., 17.+18.11., 1.12., 2.+3.2., 9.+10.3., 6.
[Date "2012.11.17"]
[Round "3"]
[Board "3"]
[White "Wolfram, Bernd"]
[Black "Kleiser, Gregor"]
[Result "1-0"]
[WhiteElo "2234"]
[BlackElo "2286"]
[PlyCount "85"]
[EventDate "2012.10.06"]
[EventType "team"]
[EventRounds "11"]
[EventCountry "AUT"]
[WhiteTeam "Purbach"]
[BlackTeam "tschaturanga"]

1. c4 e6 2. g3 Nf6 3. Bg2 Be7 4. Nf3 O-O 5. O-O d5 6. b3 b6 7. Bb2 Bb7 8. d3 c5
9. e3 Nc6 10. Qe2 Qc7 11. Nc3 Rad8 12. Rfd1 Qb8 13. Rac1 Qa8 14. cxd5 Nxd5 15.
Nxd5 Rxd5 16. d4 cxd4 17. exd4 Rfd8 18. Rd2 h6 19. a3 Bf6 20. Rcd1 R5d6 21. d5
Bxb2 22. dxc6 Rxd2 23. Rxd2 Rxd2 24. cxb7 Qxb7 25. Nxd2 Qe7 26. a4 Bd4 27. Nf3
Bc5 28. Qd3 Qf6 29. Bf1 a5 30. Kg2 g6 31. Be2 Qb2 32. Nd2 Bd4 33. Nc4 Qa1 34.
Bf3 e5 35. Bd5 Kg7 36. g4 Qe1 37. Qf3 f6 38. Nd6 e4 39. Nxe4 Qb4 40. Bc4 Be5
41. h4 Qe7 42. Ng3 Qd7 43. Qa8 1-0

[Event "2. Bundesliga Ost 2012/2013"]
[Site "6.+7.10., 17.+18.11., 1.12., 2.+3.2., 9.+10.3., 6.
[Date "2012.11.17"]
[Round "3"]
[Board "4"]
[White "Leitner, Gerald"]
[Black "Zimmermann, Heinz"]
[Result "1/2-1/2"]
[WhiteElo "2206"]
[BlackElo "2177"]
[PlyCount "107"]
[EventDate "2012.10.06"]
[EventType "team"]
[EventRounds "11"]
[EventCountry "AUT"]
[WhiteTeam "tschaturanga"]
[BlackTeam "Purbach"]

1. d4 Nf6 2. Nf3 g6 3. c4 Bg7 4. Nc3 d6 5. e4 O-O 6. h3 Nbd7 7. Bg5 c6 8. Be2
e5 9. d5 cxd5 10. cxd5 a6 11. a4 Qa5 12. Nd2 Nc5 13. Qb1 Qb4 14. Ra3 Bd7 15.
Na2 Qb6 16. a5 Qc7 17. b4 Na4 18. O-O Bb5 19. Rc1 Qd7 20. Bd1 Rac8 21. Rxc8
Rxc8 22. Bxf6 Bxf6 23. Bg4 Qc7 24. Bxc8 Qxc8 25. Qb3 Qd7 26. Qc2 Bd8 27. Nc3
Nxc3 28. Rxc3 b6 29. Nc4 bxa5 30. Nxa5 Bb6 31. Rc8+ Kg7 32. Qc1 Bd3 33. Rb8
Bxf2+ 34. Kxf2 Qa7+ 35. Qe3 Qxb8 36. Qxd3 Qxb4 37. Nc6 Qc5+ 38. Qe3 Qc2+ 39.
Kf3 f5 40. exf5 gxf5 41. Qg5+ Kf7 42. Qe7+ Kg8 43. Qe6+ Kg7 44. Kg3 f4+ 45. Kh2
Qg6 46. Qe7+ Kg8 47. Qh4 Kf8 48. Qe1 Qd3 49. Qa5 Qg3+ 50. Kh1 f3 51. Qd8+ Kg7
52. Qe7+ Kg8 53. Qe6+ Kg7 54. Qe7+ 1/2-1/2

[Event "2. Bundesliga Ost 2012/2013"]
[Site "6.+7.10., 17.+18.11., 1.12., 2.+3.2., 9.+10.3., 6.
[Date "2012.11.17"]
[Round "3"]
[Board "6"]
[White "Neff, Gregor"]
[Black "Heiny, Michael"]
[Result "1-0"]
[WhiteElo "2133"]
[BlackElo "2090"]
[PlyCount "99"]
[EventDate "2012.10.06"]
[EventType "team"]
[EventRounds "11"]
[EventCountry "AUT"]
[WhiteTeam "tschaturanga"]
[BlackTeam "Purbach"]

1. Nf3 Nf6 2. d4 g6 3. b3 Bg7 4. Bb2 d5 5. e3 O-O 6. Nbd2 b6 7. Be2 Bb7 8. O-O
Nbd7 9. c4 c5 10. Rc1 Rc8 11. dxc5 Nxc5 12. b4 Nce4 13. Nxe4 Nxe4 14. Bxg7 Kxg7
15. Qb3 e6 16. Rfd1 Qe7 17. Bd3 dxc4 18. Rxc4 Bd5 19. Qb2+ Qf6 20. Rd4 Nc3 21.
Rf4 Qe7 22. Rc1 Qc7 23. Bc4 Bxf3 24. Qxc3+ Kg8 25. gxf3 b5 26. h4 Qe7 27. Qb3
bxc4 28. Rcxc4 Rxc4 29. Rxc4 Qf6 30. Kg2 Rb8 31. a4 a6 32. b5 axb5 33. axb5 e5
34. Qb4 Qe6 35. Rc5 Kg7 36. Qc3 Re8 37. Rc6 Qe7 38. Qc4 e4 39. Rc7 exf3+ 40.
Kxf3 Qe6 41. Qxe6 Rxe6 42. Rc6 Re5 43. b6 Rb5 44. Ke4 h5 45. Kd4 f6 46. Rc7+
Kh6 47. b7 g5 48. hxg5+ fxg5 49. Kc4 Rb1 50. Kc5 1-0

[Event "2. Bundesliga Ost 2012/2013"]
[Site "6.+7.10., 17.+18.11., 1.12., 2.+3.2., 9.+10.3., 6.
[Date "2012.11.17"]
[Round "3"]
[Board "1"]
[White "Penz, Harald"]
[Black "Loeffler, Stefan"]
[Result "0-1"]
[WhiteElo "2311"]
[BlackElo "2410"]
[PlyCount "106"]
[EventDate "2012.10.06"]
[EventType "team"]
[EventRounds "11"]
[EventCountry "AUT"]
[WhiteTeam "SK Hietzing"]
[BlackTeam "ASVOe VHS Poechlarn"]

1. e4 c5 2. c3 g6 3. Nf3 Bg7 4. d4 cxd4 5. cxd4 d5 6. exd5 Nf6 7. Nc3 Nxd5 8.
Qb3 Nxc3 9. bxc3 O-O 10. Ba3 Nc6 11. Be2 Be6 12. Qb2 Qa5 13. O-O Rfd8 14. Rfd1
Rd7 15. Bb5 Bg4 16. Rd3 Rad8 17. h3 Bxf3 18. Rxf3 e5 19. dxe5 Rd1+ 20. Rxd1
Rxd1+ 21. Kh2 Nxe5 22. Re3 Bh6 23. Re4 Qc7 24. g3 Rd2 25. Qb4 Rxf2+ 26. Kh1 Rd2
27. Qe7 Qxe7 28. Bxe7 Nf3 29. Re2 a6 30. Rxd2 Nxd2 31. Bd3 b5 32. Kg2 Bg7 33.
Bb4 f5 34. Kf2 Kf7 35. Ke2 Nc4 36. a4 h5 37. axb5 axb5 38. Kf2 Be5 39. Be2 Ke6
40. g4 fxg4 41. hxg4 h4 42. Bf3 Bd6 43. Bc6 Bxb4 44. cxb4 Na3 45. Be8 g5 46.
Ke3 Ke5 47. Bc6 Nc2+ 48. Kd2 Nd4 49. Bb7 Kf4 50. Kd3 Nf3 51. Ke2 Ne5 52. Ba6 h3
53. Kf1 Kg3 0-1

[Event "2. Bundesliga Ost 2012/2013"]
[Site "6.+7.10., 17.+18.11., 1.12., 2.+3.2., 9.+10.3., 6.
[Date "2012.11.17"]
[Round "3"]
[Board "2"]
[White "Kostic, Vladimir"]
[Black "Vechet, Stanislav"]
[Result "1-0"]
[WhiteElo "2417"]
[BlackElo "2176"]
[PlyCount "69"]
[EventDate "2012.10.06"]
[EventType "team"]
[EventRounds "11"]
[EventCountry "AUT"]
[WhiteTeam "ASVOe VHS Poechlarn"]
[BlackTeam "SK Hietzing"]

1. e4 e5 2. Nf3 Nc6 3. Bc4 Bc5 4. O-O d6 5. c3 Qe7 6. d4 Bb6 7. a4 a6 8. h3 Nf6
9. Re1 h6 10. Be3 O-O 11. dxe5 Nxe5 12. Nxe5 dxe5 13. Bxb6 cxb6 14. Qb3 Qc7 15.
Nd2 Re8 16. Bd5 Nxd5 17. exd5 Bd7 18. c4 Bf5 19. Qf3 Bg6 20. Rac1 a5 21. Qg3
Kh7 22. Nf3 f6 23. Nd4 Qe7 24. Nb5 Qc5 25. Qe3 Red8 26. Qxc5 bxc5 27. f4 exf4
28. Nc7 Rac8 29. Re7 Bf5 30. Rce1 Rd7 31. Ne8 Kg6 32. Nxg7 Rxe7 33. Rxe7 Bd3
34. b3 b6 35. Ne6 1-0

[Event "2. Bundesliga Ost 2012/2013"]
[Site "6.+7.10., 17.+18.11., 1.12., 2.+3.2., 9.+10.3., 6.
[Date "2012.11.17"]
[Round "3"]
[Board "3"]
[White "Prager, Manfred"]
[Black "Weinzettl, Ernst"]
[Result "0-1"]
[WhiteElo "2035"]
[BlackElo "2257"]
[PlyCount "58"]
[EventDate "2012.10.06"]
[EventType "team"]
[EventRounds "11"]
[EventCountry "AUT"]
[WhiteTeam "SK Hietzing"]
[BlackTeam "ASVOe VHS Poechlarn"]

1. e4 e6 2. d4 d5 3. exd5 exd5 4. Bd3 c5 5. Qe2+ Be7 6. dxc5 Nf6 7. Nf3 O-O 8.
O-O Bg4 9. h3 Bh5 10. Bg5 Nc6 11. c3 Bxc5 12. Nbd2 Re8 13. Qd1 h6 14. Bh4 g5
15. Bg3 Ne4 16. Bh2 Qb6 17. Qc2 Nxf2 18. Bh7+ Kg7 19. Qf5 Ne7 20. Qc2 Ne4+ 21.
Kh1 Kxh7 22. Nxe4 dxe4 23. Qxe4+ Bg6 24. Qc4 Rac8 25. Ne5 Qe6 26. Qb5 Bd6 27.
Rae1 Bxe5 28. Bxe5 Qd5 29. Qa4 Nc6 0-1

[Event "2. Bundesliga Ost 2012/2013"]
[Site "6.+7.10., 17.+18.11., 1.12., 2.+3.2., 9.+10.3., 6.
[Date "2012.11.17"]
[Round "3"]
[Board "4"]
[White "Wilke, Werner"]
[Black "Molnar, Attila"]
[Result "1-0"]
[WhiteElo "2249"]
[BlackElo "2087"]
[PlyCount "93"]
[EventDate "2012.10.06"]
[EventType "team"]
[EventRounds "11"]
[EventCountry "AUT"]
[WhiteTeam "ASVOe VHS Poechlarn"]
[BlackTeam "SK Hietzing"]

1. e4 c5 2. Nf3 e6 3. c3 d5 4. exd5 Qxd5 5. d4 Nf6 6. Bd3 Nc6 7. O-O Be7 8. Be3
cxd4 9. cxd4 Nb4 10. Nc3 Qd8 11. Bb5+ Bd7 12. Be2 O-O 13. Ne5 Be8 14. Bf3 Nbd5
15. Qb3 Bc6 16. Nxc6 bxc6 17. Qc2 h6 18. a3 a5 19. Na4 Qb8 20. Rad1 Ra7 21.
Rfe1 Rb7 22. Bd2 Qa8 23. Bc1 Rc8 24. g3 Qa7 25. Be3 Bf8 26. Rd3 Qb8 27. Qd2 Rb5
28. Rc1 Qa8 29. Rc2 Qa6 30. Nc3 Rbb8 31. Be2 Qa8 32. Bf3 Qa6 33. Qe2 a4 34.
Rdd2 Qa5 35. Ne4 Nxe4 36. Bxe4 Rb6 37. Rc4 Qa8 38. Qd1 c5 39. Rxa4 Qb8 40. Bxd5
exd5 41. dxc5 Rxb2 42. Rxb2 Qxb2 43. Qxd5 Bxc5 44. Rc4 Qb1+ 45. Rc1 Qb2 46.
Rxc5 Qb1+ 47. Kg2 1-0

[Event "2. Bundesliga Ost 2012/2013"]
[Site "6.+7.10., 17.+18.11., 1.12., 2.+3.2., 9.+10.3., 6.
[Date "2012.11.17"]
[Round "3"]
[Board "5"]
[White "Prager, Michael"]
[Black "Loidl, Florian"]
[Result "1/2-1/2"]
[WhiteElo "1996"]
[BlackElo "2203"]
[PlyCount "87"]
[EventDate "2012.10.06"]
[EventType "team"]
[EventRounds "11"]
[EventCountry "AUT"]
[WhiteTeam "SK Hietzing"]
[BlackTeam "ASVOe VHS Poechlarn"]

1. e4 c6 2. d4 d5 3. exd5 cxd5 4. c4 Nf6 5. Nc3 Nc6 6. Nf3 Bg4 7. Be3 e6 8. a3
Bd6 9. Bd3 dxc4 10. Bxc4 O-O 11. O-O Nd5 12. Nxd5 exd5 13. Be2 Qb6 14. b4 a5
15. b5 Bxf3 16. Bxf3 Qxb5 17. a4 Qa6 18. Bxd5 Nb4 19. Bf3 Rad8 20. Qe2 Qxe2 21.
Bxe2 Nd5 22. Bf3 Bb4 23. Bxd5 Rxd5 24. Rfc1 h6 25. h3 f5 26. f4 Re8 27. Kf2 Rd7
28. Rab1 Kf7 29. Kf3 Kf6 30. g4 Rde7 31. Rb3 g5 32. Rg1 fxg4+ 33. Rxg4 gxf4 34.
Bxf4 Ke6 35. Bxh6 Kd5 36. h4 Rd7 37. Rf4 Rh7 38. Bg5 Re1 39. Re3 Rf1+ 40. Kg4
Rg1+ 41. Kf3 Rf1+ 42. Kg4 Rg1+ 43. Kf3 Rf1+ 44. Kg4 1/2-1/2

[Event "2. Bundesliga Ost 2012/2013"]
[Site "6.+7.10., 17.+18.11., 1.12., 2.+3.2., 9.+10.3., 6.
[Date "2012.11.17"]
[Round "3"]
[Board "6"]
[White "Kammerer, Roman"]
[Black "Allram, Sebastian"]
[Result "0-1"]
[WhiteElo "2079"]
[BlackElo "1972"]
[PlyCount "106"]
[EventDate "2012.10.06"]
[EventType "team"]
[EventRounds "11"]
[EventCountry "AUT"]
[WhiteTeam "ASVOe VHS Poechlarn"]
[BlackTeam "SK Hietzing"]

1. Nf3 c5 2. c4 g6 3. g3 Bg7 4. Bg2 e6 5. O-O Nc6 6. e3 Nge7 7. d4 cxd4 8. exd4
d5 9. cxd5 Nxd5 10. Nc3 O-O 11. Re1 Nde7 12. Bg5 h6 13. Bxe7 Nxe7 14. Qb3 Qb6
15. Qxb6 axb6 16. Ne5 Rd8 17. Nb5 Ra4 18. a3 Nf5 19. d5 exd5 20. Rac1 d4 21.
Nd3 Be6 22. b4 Bd7 23. Nc7 Rxa3 24. Red1 Ba4 25. Rd2 Rc3 26. Nd5 Rxc1+ 27. Nxc1
Rc8 28. Nd3 Rc2 29. Rxc2 Bxc2 30. Bf1 Bf8 31. Kg2 Ng7 32. Nf6+ Kh8 33. Ne5 Ne6
34. b5 Bc5 35. Bc4 Kg7 36. Ne8+ Kf8 37. Nf6 Bd6 38. Nf3 d3 39. Nd5 Ng5 40. Nd2
f5 41. f3 Bc5 42. h4 Nf7 43. g4 fxg4 44. fxg4 Nd6 45. Ba2 Nxb5 46. Kf3 Nd6 47.
Bb3 b5 48. g5 Kg7 49. gxh6+ Kxh6 50. Kf4 Nc4 51. Bxc4 bxc4 52. Nxc4 Bb3 53.
Nde3 Bxe3+ 0-1

[Event "2. Bundesliga Ost 2012/2013"]
[Site "6.+7.10., 17.+18.11., 1.12., 2.+3.2., 9.+10.3., 6.
[Date "2012.11.17"]
[Round "3"]
[Board "1"]
[White "Zilka, Stepan"]
[Black "Schroll, Gerhard"]
[Result "1-0"]
[WhiteElo "2529"]
[BlackElo "2403"]
[PlyCount "58"]
[EventDate "2012.10.06"]
[EventType "team"]
[EventRounds "11"]
[EventCountry "AUT"]
[WhiteTeam "Blackburne Nickelsdorf"]
[BlackTeam "Zwettl 2"]

1. d4 d5 2. c4 e6 3. Nc3 Nf6 4. cxd5 exd5 5. Bg5 c6 6. e3 Be7 7. Bd3 Nbd7 8.
Qc2 O-O 9. Nf3 Re8 10. O-O Nf8 11. h3 Be6 12. a3 N6d7 13. Bf4 Nb6 14. Rae1 Bd6
15. Ng5 h6 16. Nf3 Bxf4 17. exf4 Qd6 18. f5 Bd7 19. Ne5 Re7 20. Re3 f6 21. Nxd7
Qxd7 22. Rfe1 Rae8 23. Nd1 Rxe3 24. Rxe3 Rxe3 25. Nxe3 Nc8 26. g3 Nd6 27. h4
Qe7 28. Qc5 Nc8 29. Qc1 29... Nd6 {...} 1-0

[Event "2. Bundesliga Ost 2012/2013"]
[Site "6.+7.10., 17.+18.11., 1.12., 2.+3.2., 9.+10.3., 6.
[Date "2012.11.17"]
[Round "3"]
[Board "2"]
[White "Blatny, Pavel"]
[Black "Pinter, Erik"]
[Result "0-1"]
[WhiteElo "2420"]
[BlackElo "2379"]
[PlyCount "112"]
[EventDate "2012.10.06"]
[EventType "team"]
[EventRounds "11"]
[EventCountry "AUT"]
[WhiteTeam "Zwettl 2"]
[BlackTeam "Blackburne Nickelsdorf"]

1. Nf3 g6 2. d4 Nf6 3. Nc3 d5 4. Bf4 Bg7 5. e3 c6 6. Be2 Nbd7 7. Ne5 Qb6 8. a3
O-O 9. h4 h5 10. b4 Qd8 11. Rb1 Nxe5 12. Bxe5 Re8 13. Rb3 Bf8 14. Bf4 Bg7 15.
Na4 Ng4 16. f3 e5 17. Bg3 Nh6 18. Bxe5 Bxe5 19. dxe5 Rxe5 20. Qd2 Nf5 21. Kf2
Qc7 22. f4 Re7 23. Bf3 Be6 24. Rd3 Rae8 25. g3 Nd6 26. Re1 Bf5 27. Rb3 Qc8 28.
Kg2 Be4 29. Bxe4 Nxe4 30. Qd1 Nd6 31. Nb2 Nf5 32. Qd2 Re4 33. Nd1 d4 34. Rd3
Qe6 35. Kf2 f6 36. c3 c5 37. cxd4 cxd4 38. Re2 b5 39. Qe1 Qb6 40. Qd2 Qe6 41.
Qe1 Qc4 42. Qd2 Qc6 43. Re1 Qb6 44. Re2 dxe3+ 45. Nxe3 Nh6 46. Kg1 Rxe3 47.
Rexe3 Ng4 48. Rd6 Qxe3+ 49. Qxe3 Rxe3 50. Ra6 Rxg3+ 51. Kh1 Rf3 52. Rxa7 Rxf4
53. Ra5 Rf5 54. a4 bxa4 55. Rxa4 Rb5 56. Kg2 Ne3+ 0-1

[Event "2. Bundesliga Ost 2012/2013"]
[Site "6.+7.10., 17.+18.11., 1.12., 2.+3.2., 9.+10.3., 6.
[Date "2012.11.17"]
[Round "3"]
[Board "3"]
[White "Bachofner, Andreas"]
[Black "Pisk, Petr"]
[Result "0-1"]
[WhiteElo "2207"]
[BlackElo "2389"]
[PlyCount "128"]
[EventDate "2012.10.06"]
[EventType "team"]
[EventRounds "11"]
[EventCountry "AUT"]
[WhiteTeam "Blackburne Nickelsdorf"]
[BlackTeam "Zwettl 2"]

1. e4 c6 2. d4 d5 3. exd5 cxd5 4. Bd3 Nf6 5. c3 g6 6. Bf4 Bf5 7. Bxf5 gxf5 8.
Qb3 Qb6 9. Qxb6 axb6 10. Na3 Nc6 11. Nb5 Kd7 12. Nf3 Rg8 13. O-O e6 14. Rfe1
Be7 15. Ne5+ Nxe5 16. dxe5 Nh5 17. Bd2 Bg5 18. Re2 Bxd2 19. Rxd2 Nf4 20. g3 Ng6
21. Re2 Ra4 22. Nd4 h5 23. Kf1 f4 24. a3 fxg3 25. hxg3 h4 26. Re3 Raa8 27. Rd1
Ke7 28. Ke2 hxg3 29. fxg3 Rh8 30. Rd2 Rh2+ 31. Kd3 Rah8 32. Nf3 R2h3 33. Rg2
Rg8 34. Ne1 Rh5 35. Kd4 Nxe5 36. Ree2 Rg4+ 37. Ke3 Rf5 38. Kd2 Nc4+ 39. Kc2
Rfg5 40. Nf3 Rg8 41. Nd4 Kd7 42. b3 Nd6 43. Re3 Ne4 44. Ne2 b5 45. Rf3 Ke7 46.
Re3 R8g7 47. b4 Rg8 48. Nd4 Rxg3 49. Rgxg3 Rxg3 50. Rxg3 Nxg3 51. Nxb5 e5 52.
Nc7 Kd6 53. Ne8+ Kd7 54. Nf6+ Ke6 55. Ne8 f5 56. a4 f4 57. Nc7+ Kd6 58. Nb5+
Kd7 59. Kd2 Ne4+ 60. Kd3 f3 61. Ke3 Nxc3 62. Nxc3 d4+ 63. Kxf3 dxc3 64. Ke3 e4
0-1

[Event "2. Bundesliga Ost 2012/2013"]
[Site "6.+7.10., 17.+18.11., 1.12., 2.+3.2., 9.+10.3., 6.
[Date "2012.11.17"]
[Round "3"]
[Board "4"]
[White "Wagner, Stefan"]
[Black "Koffler, Daniel"]
[Result "1/2-1/2"]
[WhiteElo "2178"]
[BlackElo "2201"]
[PlyCount "88"]
[EventDate "2012.10.06"]
[EventType "team"]
[EventRounds "11"]
[EventCountry "AUT"]
[WhiteTeam "Zwettl 2"]
[BlackTeam "Blackburne Nickelsdorf"]

1. c4 g6 2. g3 Bg7 3. Bg2 c5 4. Nc3 Nc6 5. a3 a6 6. Rb1 Rb8 7. b4 cxb4 8. axb4
b5 9. cxb5 axb5 10. Nf3 Nf6 11. O-O O-O 12. d4 d5 13. Bf4 Rb6 14. Ne5 Bf5 15.
Rb3 Ne4 16. Nxe4 dxe4 17. Nxc6 Rxc6 18. d5 Rc4 19. Be3 Qd7 20. Qd2 Rfc8 21. Bc5
Ra8 22. f3 exf3 23. Bxf3 Rc2 24. Qe3 Bf6 25. Ra3 Ra4 26. Rd1 Bb2 27. Rb3 e5 28.
Rxb2 Rxb2 29. Qxe5 Rbxb4 30. Qb8+ Qc8 31. Qxc8+ Bxc8 32. Bxb4 Rxb4 33. Kf2 f5
34. Rc1 Rc4 35. Rxc4 bxc4 36. Ke3 Kf7 37. Kd4 Ba6 38. e3 Ke7 39. g4 Kd6 40.
gxf5 gxf5 41. Bd1 Bb7 42. Bc2 Bxd5 43. Bxf5 h6 44. e4 Bxe4 1/2-1/2

[Event "2. Bundesliga Ost 2012/2013"]
[Site "6.+7.10., 17.+18.11., 1.12., 2.+3.2., 9.+10.3., 6.
[Date "2012.11.17"]
[Round "3"]
[Board "5"]
[White "Bachofner, Christian"]
[Black "Vyskocil, Neklan"]
[Result "0-1"]
[WhiteElo "2082"]
[BlackElo "2368"]
[PlyCount "94"]
[EventDate "2012.10.06"]
[EventType "team"]
[EventRounds "11"]
[EventCountry "AUT"]
[WhiteTeam "Blackburne Nickelsdorf"]
[BlackTeam "Zwettl 2"]

1. e4 c5 2. Nf3 d6 3. d4 cxd4 4. Nxd4 Nf6 5. Nc3 e6 6. Bc4 Na6 7. Be3 Nc5 8. f3
a6 9. a4 Be7 10. b4 d5 11. e5 Ncd7 12. exf6 Bxb4 13. Qd2 Qc7 14. fxg7 Rg8 15.
O-O Qxc4 16. Nde2 b6 17. Bd4 Bb7 18. f4 f6 19. Qe3 Kf7 20. Kh1 Rxg7 21. Rae1
Re8 22. Ng3 Rgg8 23. Qf3 Rxg3 24. Qxg3 Qxd4 25. Rf3 Rc8 26. Rd1 Qc4 27. Qh3 Nf8
28. Qh5+ Ke7 29. f5 Bxc3 30. fxe6 Kxe6 31. Qf5+ Kd6 32. Rf4 Qe2 33. Rb1 Kc7 34.
Rg4 Kb8 35. Rg7 Qe6 36. Qf2 Nd7 37. Rxh7 Be5 38. a5 b5 39. Rb3 d4 40. Rbh3 Qc6
41. Rh8 Nc5 42. Rxc8+ Qxc8 43. Rh7 Qg4 44. Rh8+ Ka7 45. Qf1 Ne6 46. Rh7 Nf4 47.
c4 bxc4 0-1

[Event "2. Bundesliga Ost 2012/2013"]
[Site "6.+7.10., 17.+18.11., 1.12., 2.+3.2., 9.+10.3., 6.
[Date "2012.11.17"]
[Round "3"]
[Board "6"]
[White "Buchnicek, Petr"]
[Black "Adler, Thomas"]
[Result "1-0"]
[WhiteElo "2352"]
[BlackElo "2021"]
[PlyCount "55"]
[EventDate "2012.10.06"]
[EventType "team"]
[EventRounds "11"]
[EventCountry "AUT"]
[WhiteTeam "Zwettl 2"]
[BlackTeam "Blackburne Nickelsdorf"]

1. e4 e6 2. d4 d5 3. e5 c5 4. c3 Nc6 5. Nf3 Qb6 6. a3 cxd4 7. cxd4 Bd7 8. Be2
Rc8 9. O-O Na5 10. Nbd2 Bb5 11. Bxb5+ Qxb5 12. b4 Nc4 13. a4 Qxb4 14. Rb1 Qe7
15. Nxc4 Rxc4 16. Bd2 Qd7 17. Qb3 Rxa4 18. Qxb7 Rc4 19. Qa6 Ne7 20. Rfc1 Rxc1+
21. Rxc1 g6 22. Ba5 Bh6 23. Rc7 Qa4 24. Rxe7+ Kf8 25. Qxa7 Qd1+ 26. Ne1 Bd2 27.
Rxf7+ Kg8 28. Rg7+ 1-0

[Event "2. Bundesliga Ost 2012/2013"]
[Site "6.+7.10., 17.+18.11., 1.12., 2.+3.2., 9.+10.3., 6.
[Date "2012.11.18"]
[Round "4"]
[Board "1"]
[White "Certek, Pavel"]
[Black "Schroll, Gerhard"]
[Result "0-1"]
[WhiteElo "2315"]
[BlackElo "2403"]
[PlyCount "116"]
[EventDate "2012.10.06"]
[EventType "team"]
[EventRounds "11"]
[EventCountry "AUT"]
[WhiteTeam "ASVOE Mattersburg"]
[BlackTeam "Zwettl 2"]

1. Nf3 d6 2. g3 e5 3. c4 g6 4. Nc3 Bg7 5. d4 Nc6 6. Be3 exd4 7. Nxd4 Nge7 8.
Bg2 O-O 9. Nxc6 Nxc6 10. Qd2 Re8 11. Rd1 Be6 12. b3 Qc8 13. Nd5 Ne7 14. h3 Nf5
15. Bf4 a5 16. Nc3 a4 17. Nb5 axb3 18. axb3 Bd7 19. O-O Bxb5 20. cxb5 Nd4 21.
e3 Nxb5 22. Rc1 c6 23. Rfd1 Ra3 24. Qb4 Qe6 25. Rd3 Be5 26. Rcd1 Rea8 27. Bf1
Ra1 28. Bxe5 Qxe5 29. Kg2 d5 30. Be2 R8a2 31. Rxa1 Qxa1 32. Bf3 Qb2 33. Qe1 Nd6
34. h4 h5 35. Rd4 Kg7 36. b4 Nf5 37. Rf4 Ra1 38. Qe2 Qb1 39. Kh3 Ra2 40. Qd1
Qb2 41. Bxh5 Nxe3 42. Qf3 Nf5 43. Bg4 Nd6 44. Kg2 Ra3 45. Qe2 Qxe2 46. Bxe2 Ne4
47. b5 c5 48. Bf3 Rb3 49. h5 gxh5 50. Bxh5 Nf6 51. Bd1 Rxb5 52. g4 Rb2 53. g5
Ne4 54. Rf5 Rd2 55. Ba4 Rd4 56. Bd7 c4 57. Ba4 b5 58. Bc2 b4 0-1

[Event "2. Bundesliga Ost 2012/2013"]
[Site "6.+7.10., 17.+18.11., 1.12., 2.+3.2., 9.+10.3., 6.
[Date "2012.11.18"]
[Round "4"]
[Board "2"]
[White "Blatny, Pavel"]
[Black "Brod, Manfred"]
[Result "1-0"]
[WhiteElo "2420"]
[BlackElo "2234"]
[PlyCount "201"]
[EventDate "2012.10.06"]
[EventType "team"]
[EventRounds "11"]
[EventCountry "AUT"]
[WhiteTeam "Zwettl 2"]
[BlackTeam "ASVOE Mattersburg"]

1. b3 e5 2. Bb2 Nc6 3. e3 d5 4. Bb5 Bd6 5. Nf3 f6 6. d4 e4 7. Nfd2 a6 8. Be2
Nce7 9. c4 c6 10. a4 f5 11. g3 Nf6 12. Ba3 Bc7 13. Nc3 Be6 14. Qc2 O-O 15. c5
a5 16. b4 axb4 17. Bxb4 Bf7 18. Nb3 Bh5 19. Bxh5 Nxh5 20. a5 Ra6 21. Qe2 Nf6
22. Kd2 Qd7 23. Kc2 g5 24. h4 g4 25. Rhb1 Rfa8 26. Na4 Qe6 27. Be1 Nd7 28. Kc1
Rf8 29. Rb2 Nb8 30. Kb1 Ra7 31. Bd2 Na6 32. Ra3 Bd8 33. Nc1 Rf7 34. Rab3 Ng6
35. Qe1 Rc7 36. Ne2 Nf8 37. Kc2 Qf7 38. Qh1 Kh8 39. Nf4 Kg8 40. Nb6 Kh8 41. Bc3
Kg8 42. Ra3 h5 43. Rab3 Kh7 44. Qe1 Kg8 45. Rb1 Kh7 46. Bb2 Bf6 47. Na4 Bg7 48.
Bc3 Bf6 49. Qe2 Bg7 50. Rb6 Bf6 51. Bd2 Bg7 52. Kd1 Bf6 53. Nc3 Bd8 54. R6b3
Re7 55. Be1 Rd7 56. Na4 Rc7 57. Nb6 Kg8 58. Qc2 Kh7 59. Ne2 Nd7 60. Nc3 Nf6 61.
R1b2 Kg8 62. Qe2 Kh7 63. Nb1 Kg8 64. Na3 Kh7 65. Na4 Kg8 66. Nc3 Rd7 67. Na4
Kh7 68. Nc2 Rc7 69. Nb6 Kg8 70. Nb4 Nxb4 71. Bxb4 Nd7 72. Nxd7 Rxd7 73. Bc3 Bf6
74. Ra2 Qe8 75. a6 Qa8 76. Rba3 bxa6 77. Rxa6 Rdb7 78. Kc2 Kf7 79. Qf1 Rxa6 80.
Qxa6 Qc8 81. Ra3 Qd7 82. Qa8 Bd8 83. Ra6 Bf6 84. Ba5 Kg7 85. Bb6 Kf7 86. Ba7
Kg7 87. Bb8 Kf7 88. Rb6 Rxb6 89. cxb6 c5 90. Qa7 Ke6 91. Qxd7+ Kxd7 92. Be5 Bd8
93. b7 Bc7 94. b8=Q Bxb8 95. Bxb8 c4 96. Kc3 Kc6 97. Kb4 Kb6 98. Bd6 Kc6 99.
Bc5 Kc7 100. Ka5 Kc6 101. Bb4 1-0

[Event "2. Bundesliga Ost 2012/2013"]
[Site "6.+7.10., 17.+18.11., 1.12., 2.+3.2., 9.+10.3., 6.
[Date "2012.11.18"]
[Round "4"]
[Board "3"]
[White "Wiedner, Robert"]
[Black "Pisk, Petr"]
[Result "0-1"]
[WhiteElo "2133"]
[BlackElo "2389"]
[PlyCount "106"]
[EventDate "2012.10.06"]
[EventType "team"]
[EventRounds "11"]
[EventCountry "AUT"]
[WhiteTeam "ASVOE Mattersburg"]
[BlackTeam "Zwettl 2"]

1. c4 e5 2. Nf3 Nc6 3. Nc3 Nf6 4. e3 Bb4 5. d3 d5 6. cxd5 Nxd5 7. Qc2 O-O 8.
Be2 Be6 9. O-O h6 10. Rd1 Qe7 11. a3 Bd6 12. b4 a6 13. Bb2 f5 14. Rac1 Nb6 15.
Nd2 g5 16. Nc4 Qf7 17. Nxd6 cxd6 18. Qb1 f4 19. Rf1 Rad8 20. Ba1 Ne7 21. exf4
gxf4 22. a4 Nf5 23. a5 Nd5 24. Ne4 Nh4 25. Nd2 Qg6 26. Bf3 Nxf3+ 27. Nxf3 Bh3
28. Nh4 Qg5 29. Kh1 Qxh4 30. gxh3 Qxh3 31. Rg1+ Kh8 32. Rg2 Rg8 33. Rcg1 Rxg2
34. Rxg2 Rg8 35. Rxg8+ Kxg8 36. d4 Qf3+ 37. Kg1 e4 38. Qc2 Kf7 39. Qc4 Qg4+ 40.
Kf1 Qd1+ 41. Kg2 Qf3+ 42. Kg1 e3 43. fxe3 fxe3 44. Qf1 Qf4 45. Kg2 Qxf1+ 46.
Kxf1 Nf4 47. Bc3 Ke6 48. Be1 Kd5 49. Bg3 Ke4 50. d5 Kf3 51. Ke1 Nd3+ 52. Kd1
e2+ 53. Kd2 e1=Q+ 0-1